| 000 | 00493nam a22001577a 4500 | ||
|---|---|---|---|
| 999 |
_c9393 _d9393 |
||
| 008 | 210409b ||||| |||| 00| 0 eng d | ||
| 040 | _aBMS College of Architecture | ||
| 100 | _aG, K, Aishwarya | ||
| 245 | _aIntegration and Linkages of Public places | ||
| 300 | _a52p. | ||
| 500 | _a1BM11AHD01 | ||
| 502 |
_8M.Arch _NBMA College of Architecture, Visvesvaraya Technological University _aDissertation _d2013 |
||
| 650 | _aPublic Place | ||
| 700 |
_aMamatha P Raj _eGuide |
||
| 942 |
_2ddc _cPGTHE |
||